Tratado del contrato de venta / (Record no. 162486)
[ view plain ]
| 000 -LEADER | |
|---|---|
| campo de control de longitud fija | 01103nam a22002535i 4500 |
| 001 - NÚMERO DE CONTROL | |
| campo de control | 162486 |
| 003 - IDENTIFICADOR DE NÚMERO DE CONTROL | |
| campo de control | ES-MaACL |
| 005 - FECHA Y HORA DE LA ÚLTIMA TRANSACCIÓN | |
| campo de control | 20250809060037.0 |
| 008 - DATOS DE LONGITUD FIJA--INFORMACIÓN GENERAL | |
| campo de control de longitud fija | 041118q18851910sp |||| | spa d |
| 040 ## - FUENTE DE CATALOGACIÓN | |
| Centro catalogador/agencia de origen | CAM |
| Lengua de catalogación | spa |
| Centro/agencia transcriptor | CAM |
| 100 1# - ENTRADA PRINCIPAL--NOMBRE DE PERSONA | |
| Nombre de persona | Pothier, Robert Joseph. |
| 9 (RLIN) | 131306 |
| 245 10 - MENCIÓN DEL TÍTULO | |
| Título | Tratado del contrato de venta / |
| Mención de responsabilidad, etc. | de Pothier; traducido por Manuel Deo; anotados y concordados con la legislación romana y la vigente en España, Francia, República Argentina, Guatemala, México y Uruguay por Antonio Elías de Molíns. |
| 250 ## - MENCION DE EDICION | |
| Mención de edición | 2ª ed. |
| 260 ## - PUBLICACIÓN, DISTRIBUCIÓN, ETC. | |
| Lugar de publicación, distribución, etc. | Barcelona : |
| Nombre del editor, distribuidor, etc. | Biblioteca Científica y literaria, |
| Fecha de publicación, distribución, etc. | [s.a.] ( |
| Fabricante | Imp. M. Marfany) |
| 300 ## - DESCRIPCIÓN FÍSICA | |
| Extensión | 6 v. ; |
| Dimensiones | 20 cm. |
| 596 ## - NOTA AL PIE DE IMPRENTA | |
| NOTA AL PIE DE IMPRENTA | En el T. VI aparece como impresor: Imprenta Barcelonesa. |
| 596 ## - NOTA AL PIE DE IMPRENTA | |
| NOTA AL PIE DE IMPRENTA | Probablemente impreso entre 1885 y 1910. |
| 650 #7 - PUNTO DE ACCESO ADICIONAL DE MATERIA--TÉRMINO DE MATERIA | |
| Término de materia o nombre geográfico como elemento de entrada | Contratos |
| Fuente del encabezamiento o término | embne |
| 9 (RLIN) | 11326 |
| 650 #7 - PUNTO DE ACCESO ADICIONAL DE MATERIA--TÉRMINO DE MATERIA | |
| Término de materia o nombre geográfico como elemento de entrada | Derecho mercantil |
| Fuente del encabezamiento o término | embne |
| 9 (RLIN) | 135891 |
| 700 11 - ENTRADA AGREGADA--NOMBRE PERSONAL | |
| Nombre de persona | Deo, Manuel, |
| Término indicativo de función/relación | |
| 9 (RLIN) | 126758 |
| 700 11 - ENTRADA AGREGADA--NOMBRE PERSONAL | |
| Nombre de persona | Elías de Molins, Antonio, |
| Término indicativo de función/relación | |
| 9 (RLIN) | 46974 |
| 852 ## - LOCALIZACIÓN | |
| Ubicación | ES-MaACL |
| Número de control de estantería | D-1357-1358 |
| Nota libre | -- Enc. hol. |
| condición física | -- Solo T. V y VI |
| Estatus retirado | Estado de pérdida | Estado de daño | No para préstamo | Biblioteca de origen | Biblioteca actual | Ubicación en estantería | Fecha de adquisición | Fuente de adquisición | Total de préstamos | Signatura topográfica completa | Código de barras | Visto por última vez | Precio de reemplazo | Tipo de ítem Koha |
|---|---|---|---|---|---|---|---|---|---|---|---|---|---|---|
| Biblioteca del Ateneo de Madrid | Biblioteca del Ateneo de Madrid | Sala Valle Inclán | 17/01/2008 | D-1357-1358 | 901170224 | 23/02/2023 | 23/02/2023 | Libro impreso |
